Statistics for Taylor Swift 94

Click here to take the quiz!

General Stats

  • This quiz has been taken 10 times
  • The average score is 366 of 500

Answer Stats

Answer% Correct
a
100%
all
89%
an
89%
and
89%
can't
89%
don't
89%
I
89%
is
89%
it
89%
just
89%
know
89%
like
89%
me
89%
no
89%
not
89%
now
89%
of
89%
on
89%
so
89%
take
89%
that
89%
the
89%
they
89%
this
89%
to
89%
we
89%
we're
89%
were
89%
when
89%
you
89%
your
89%
best
78%
bought
78%
'cause
78%
could
78%
dress
78%
friend
78%
from
78%
ha
78%
I'm
78%
in
78%
my
78%
name
78%
off
78%
only
78%
say
78%
there
78%
want
78%
about
67%
are
67%
at
67%
bought
67%
but
67%
everything
67%
get
67%
got
67%
idea
67%
if
67%
our
67%
shape
67%
stops
67%
worst
67%
ah
56%
bedpost
56%
by
56%
crowded
56%
even
56%
flashback
56%
golden
56%
met
56%
room
56%
saw
56%
secret
56%
see
56%
side
56%
tattoo
56%
time
56%
times
56%
up
56%
us
56%
back
44%
buzzcut
44%
carve
44%
earthquakes
44%
gonna
44%
hair
44%
hands
44%
indentation
44%
into
44%
made
44%
mark
44%
mistakes
44%
moments
44%
shake
44%
shaking
44%
truth
44%
try
44%
wake
44%
anticipation
33%
desperately
33%
drunk
33%
everyone
33%
explain
33%
holding
33%
lies
33%
nothing
33%
patience
33%
pining
33%
rebounds
33%
silence
33%
thinks
33%
waiting
33%
woke
33%
bathtub
22%
bleached
22%
both
22%
burned
22%
electrified
22%
face
22%
kiss
22%
least
22%
spilling
22%
wine
22%
inescapable
11%

Score Distribution

Percentile by Number Answered

Percent of People with Each Score

Your Score History

You have not taken this quiz